000 00292 a2200085 4500
082 _a363.125 ROA
245 _aRoad Safety in the Western Pacific Region Call for Action /
_cWorld Health Organization
260 _aSwitzerland ;
_bWorld Health Organization,
_c2009
300 _aix, 100p. ;
_bill. ;
_c30 cm
650 _aRoad Safety
999 _c2280
_d2280